| 000 | 00799nam a2200205 a 4500 | ||
|---|---|---|---|
| 003 | 0 | ||
| 005 | 20250415083637.0 | ||
| 008 | 060801s19uu xx 00 eng d | ||
| 050 |
_aPHS HQ 76.27.Y68 _b.M56 2006 |
||
| 100 | _aMin, Dong Suk. | ||
| 245 |
_aThe Acceptance of homosexuality among high school and college students of Southville International School and Colleges / _cDong Suk Min. |
||
| 260 |
_aLas PiƱas City, Philippines : _bSouthville International School and Colleges, _c2006. |
||
| 300 |
_a48 pages : _billustrations ; _c28 cm. |
||
| 504 | _aIncludes bibliographical references. | ||
| 650 |
_aHomosexuality _xSocial aspects. |
||
| 650 | _aSexual orientation and society. | ||
| 650 |
_aHigh school students _xAttitudes. |
||
| 650 |
_aCollege students _xAttitudes. |
||
| 942 |
_2lcc _cPASS |
||
| 999 |
_c97648 _d97648 |
||